000 00486nam a22001697a 4500
005 20231128083627.0
008 231128b |||||||| |||| 00| 0 eng d
020 _a9787119111636
041 _aEnglish
082 _a340.1 JIN
100 _lEnglish
245 _aThe Governance of China II
260 _aBeijing :
_bForeign Languages Press Co. Ltd,
_c2017
300 _bvii, 619 pages ;
_c24 cm.
650 _aLegal practice
_bLaw
942 _cBK
_6ALISON_BN_VRIES
999 _c994
_d994